<?xml version="1.0" encoding="UTF-8"?>
<record
    xmlns:xsi="http://www.w3.org/2001/XMLSchema-instance"
    xsi:schemaLocation="http://www.loc.gov/MARC21/slim http://www.loc.gov/standards/marcxml/schema/MARC21slim.xsd"
    xmlns="http://www.loc.gov/MARC21/slim">

  <leader>01931nam a22002297a 4500</leader>
  <controlfield tag="005">20260603153450.0</controlfield>
  <datafield tag="020" ind1=" " ind2=" ">
    <subfield code="a">9789367138199</subfield>
  </datafield>
  <datafield tag="041" ind1=" " ind2=" ">
    <subfield code="a">ENG</subfield>
  </datafield>
  <datafield tag="082" ind1="0" ind2="0">
    <subfield code="a">658.8</subfield>
    <subfield code="b">KOT</subfield>
  </datafield>
  <datafield tag="100" ind1="1" ind2=" ">
    <subfield code="a">Kotler, Philip.</subfield>
  </datafield>
  <datafield tag="245" ind1="1" ind2="0">
    <subfield code="a">Marketing management /</subfield>
    <subfield code="c">Philip Kotler, Kevin Lane Keller (et al...)</subfield>
  </datafield>
  <datafield tag="250" ind1=" " ind2=" ">
    <subfield code="a">17th ed.</subfield>
  </datafield>
  <datafield tag="260" ind1=" " ind2=" ">
    <subfield code="a">Uttar Pradesh :</subfield>
    <subfield code="b">Pearson ,</subfield>
    <subfield code="c">2026.</subfield>
  </datafield>
  <datafield tag="300" ind1=" " ind2=" ">
    <subfield code="a">xxii, 649 pages :</subfield>
    <subfield code="b">color illustrations ;</subfield>
    <subfield code="c">29 cm.</subfield>
  </datafield>
  <datafield tag="505" ind1=" " ind2=" ">
    <subfield code="a">PART 1. Fundamentals of Marketing Management -- Chapter 1. Defining Marketing for the New Realities. -- Chapter 2 Marketing Planning and Management. -- PART 2. Understanding the Market -- Chapter 3 Analyzing Consumer Markets. -- Chapter 4. Analyzing Business Markets -- Chapter 5. Conducting Marketing Research. -- PART 3. Developing a Viable Market Strategy -- Chapter 6. Identifying Market Segments and Target Customers. -- Chapter 7 Crafting a Customer Value Proposition and Positioning -- PART 4 Designing Value. -- Chapter 8 Designing and Managing Products -- Chapter 9 Designing and Managing Services. -- Chapter 10 Building Strong Brands -- Chapter 11 Managing Pricing and Sales Promotions. -- PART 5 Communicating Value Chapter 12 Managing Marketing -- Communications
Chapter 13 Designing an Integrated Marketing Campaign in the Digital Age -- Chapter 14 Personal Selling and Direct Marketing -- PART 6 Delivering Value -- Chapter 15 Designing and Managing
Distribution Channels -- Chapter 16 Managing Retailing -- PART 7 Managing Growth -- Chapter 17 Driving Growth in Competitive Markets -- Chapter 18 Developing New Market Offerings -- Chapter 19 Building Customer Loyalty -- Chapter 20 Tapping into Global Markets. -- Chapter 21 Environmental, Social, and Governance Issues in Marketing </subfield>
  </datafield>
  <datafield tag="650" ind1=" " ind2="0">
    <subfield code="a">Marketing</subfield>
    <subfield code="x">Management.</subfield>
  </datafield>
  <datafield tag="700" ind1="1" ind2=" ">
    <subfield code="a">Keller, Kevin Lane</subfield>
  </datafield>
  <datafield tag="700" ind1="1" ind2=" ">
    <subfield code="a">Chernev, Alexander</subfield>
  </datafield>
  <datafield tag="700" ind1="1" ind2=" ">
    <subfield code="a">Sheth, Jagdish N.</subfield>
  </datafield>
  <datafield tag="700" ind1="1" ind2=" ">
    <subfield code="a">Shainesh, G.</subfield>
  </datafield>
  <datafield tag="942" ind1=" " ind2=" ">
    <subfield code="2">ddc</subfield>
    <subfield code="c">BK</subfield>
  </datafield>
  <datafield tag="999" ind1=" " ind2=" ">
    <subfield code="c">24362</subfield>
    <subfield code="d">24362</subfield>
  </datafield>
  <datafield tag="952" ind1=" " ind2=" ">
    <subfield code="0">0</subfield>
    <subfield code="1">0</subfield>
    <subfield code="2">ddc</subfield>
    <subfield code="4">0</subfield>
    <subfield code="7">0</subfield>
    <subfield code="a">IPE</subfield>
    <subfield code="b">IPE</subfield>
    <subfield code="c">S Campus</subfield>
    <subfield code="d">2026-06-03</subfield>
    <subfield code="e">Laxmi Book Distributors </subfield>
    <subfield code="g">1180.00</subfield>
    <subfield code="i">02-06-2026</subfield>
    <subfield code="l">1</subfield>
    <subfield code="o">658.8 KOT</subfield>
    <subfield code="p">51086</subfield>
    <subfield code="q">2026-09-03</subfield>
    <subfield code="r">2026-06-05 14:04:59</subfield>
    <subfield code="s">2026-06-05</subfield>
    <subfield code="w">2026-06-03</subfield>
    <subfield code="y">BK</subfield>
  </datafield>
  <datafield tag="952" ind1=" " ind2=" ">
    <subfield code="0">0</subfield>
    <subfield code="1">0</subfield>
    <subfield code="2">ddc</subfield>
    <subfield code="4">0</subfield>
    <subfield code="7">0</subfield>
    <subfield code="a">IPE</subfield>
    <subfield code="b">IPE</subfield>
    <subfield code="c">S Campus</subfield>
    <subfield code="d">2026-06-03</subfield>
    <subfield code="e">Laxmi Book Distributors </subfield>
    <subfield code="g">1180.00</subfield>
    <subfield code="i">02-06-2026</subfield>
    <subfield code="l">0</subfield>
    <subfield code="o">658.8 KOT</subfield>
    <subfield code="p">51087</subfield>
    <subfield code="r">2026-06-03 15:35:52</subfield>
    <subfield code="w">2026-06-03</subfield>
    <subfield code="y">BK</subfield>
  </datafield>
</record>
